根据城区地形地图写出湖北各地市 Hubei cities on urban topographic map - Statistics

General Stats
  • This quiz has been taken 19 times
  • The average score is 11 of 16
Answer Stats
Picture Answer % Correct
武汉
100%
黄冈
87%
荆州
87%
宜昌
87%
十堰
80%
神农架
80%
襄阳
80%
黄石
73%
仙桃
73%
鄂州
73%
随州
60%
孝感
53%
荆门
47%
潜江
40%
咸宁
33%
天门
33%
No matching quizzes found
Score Distribution
Percent of People with Each Score
Percentile by Number Answered
Your Score History
You have not taken this quiz